000 00424nam a2200169Ia 4500
003 GCL
008 140319s9999 xx 000 0 eng d
040 _aGCL /
_cGCL
082 0 4 _a758.2
_bG L
100 1 _aGINZBURG, SILVIA
245 1 0 _aLES PLUS GRANDS PEINTRES TURNER /
_cGINZBURG, SILVIA
260 _a[S.N] :
_bDIFFUSIEN LARUSSE ،
_c1990
300 _a98 P
650 0 4 _aSCENES
650 0 4 _aARTS
942 _2ddc
_cBK
999 _c16980
_d16980